000 00446nam a2200157Ia 4500
008 230917s9999||||xx |||||||||||||| ||und||
020 _cRS200
040 _e6875
_aMAIN
041 _aEnglish
082 _a320.509 B469H
100 _aBhattacharjee, Arun
245 0 _aHistory of political thought from Plato to Laski; Ancient, medieval and modern
260 _aNew Delhi
_bAshish Publishing House
_c1989
300 _avii, 249 p.
942 _cBK
999 _c63434
_d63434